000 00604nam a22001817a 4500
003 OSt
005 20251206025125.0
008 251206b |||||||| |||| 00| 0 eng d
020 _a0-7216-2756-0.
040 _aDWCL-Main lib.
_cOC
082 _aCirc. 610.73699 Ai288 1989
100 _aFlaskerud, Jacquelyn Haak
245 _aAIDS/HIV infection :
_ba reference guide for nursing professionals/
_cJacquelyn Haak Flaskerud
260 _aPhiladelphia :
_bW. B. Saunders Company,
_cc1989.
300 _axiii, 344 p. ;
_c23 cm.
650 _aAIDS (Disease)-Nursing.
942 _2ddc
_cBK-CIRC
_hCirc.
_n0
999 _c6981
_d6981